Adecuaciones curriculares individuales : hacia la equidad en educación especial.

Salvato in:
Dettagli Bibliografici
Autore principale: Durán Rodríguez, María Coord, (autor)
Ente Autore: Programa Nacional para la Actualización Permanente de los Maestros de Educación Básica en Servicio (México)Talleres Generales de Actualización
Altri autori: Ibáñez Guerrero, Albertina (autor) (autor)
Natura: Libro
Lingua:spagnolo
Edizione:2a edición
Soggetti:
Tags: Aggiungi Tag
Nessun Tag, puoi essere il primo ad aggiungerne!!

MARC

LEADER 00000nam^a2200000^u^4500
001 000497386
005 20250604000000.0
008 070320s1000^^^^^^^^^^^^r^^^^^000^0^spa^d
009 20260310125633.227
022 |a 9689082337 
035 |a FCE 000041079 
037 |a Acervo ITESO - Biblioteca 
041 |a spa 
082 0 4 |a 371.146  |b PNAPMEBS EDU ESP ADEI 
100 |a Durán Rodríguez, María  |e Coord  |e (autor) 
245 1 0 |a Adecuaciones curriculares individuales :  |b hacia la equidad en educación especial. 
250 |a 2a edición 
264 |a México :  |b SEP, Subsecretaría de Educación Básica,  |c 2006. 
300 |a 38 p. : 
336 |a texto  |b txt  |2 rdacontenido 
337 |a sin mediación  |b n  |2 rdamedio 
338 |a volumen  |b nc  |2 rdasoporte 
596 |a "Educación. Contigo es posible. A la cabeza de la portada : Educación especial. Programa Nacional para la Actualización Permanente de los Maestros de Educación Básica en Servicio. Talleres Generales de Actualización. 
649 |a XX 
650 |a Educación especial 
650 |a Formación de docentes en servicio 
650 |a Planificación del plan de estudios 
650 |a Programas de actividades 
650 |a México 
710 |a Programa Nacional para la Actualización Permanente de los Maestros de Educación Básica en Servicio (México)Talleres Generales de Actualización 
700 |a Ibáñez Guerrero, Albertina  |e (autor) 
910 |a Fondo Centro de Estudios Educativos 
920 |a Impresos - Libros 
930 |a Fondos Especiales 
905 |a 133 
901 |a ALE048030  |b IT2  |c CEE  |u 20250521 
902 |a https://opac.biblio.iteso.mx/vufind/Record/000497386